Asian journal of microbiology, biotechnology and environmental sciences (Record no. 38084)

MARC details
000 -LEADER
fixed length control field 00456nam a2200157Ia 4500
022 ## - INTERNATIONAL STANDARD SERIAL NUMBER
ISSN 09723005
050 ## - CALL MARK
Classification number QR 53 .J68/
245 #0 - TITLE STATEMENT
Title Asian journal of microbiology, biotechnology and environmental sciences
260 ## - PUBLICATION, DISTRIBUTION, ETC. (IMPRINT)
Place of publication India
260 ## - PUBLICATION, DISTRIBUTION, ETC. (IMPRINT)
Name of publisher Global Science Publications
260 ## - PUBLICATION, DISTRIBUTION, ETC. (IMPRINT)
Year of publication 2011
650 ## - SUBJECT ADDED ENTRY--TOPICAL TERM
Topical Term Microbiology--Periodicals. Biotechnology--Periodicals.
942 ## - ADDED ENTRY ELEMENTS (KOHA)
Koha item type Serials

No items available.